000
003300000a22001450004500
005
20120302063826.0
942
_c
BOOK
100
_a
Swami Prabhupada
245
_a
Sri Isopanisad
250
_a
1st
260
_a
Bombay:Bhaktivedanta Book trust,1974.
300
_a
xvi,144p..-ill
040
_a
Eng
650
_a
Sri Isopanisad
999
_c
360572
_d
360569